| 000 | 00000nam 2200000za 4500 |
| 001 | 9.676362 |
| 003 | CaOODSP |
| 005 | 20250403105601 |
| 007 | cr ||||||||||| |
| 008 | 150407s1987 onc||||#o f00| 0 fre d |
| 040 | |aCaOODSP|bfre |
| 041 | |aeng |
| 041 | |afre |
| 043 | |an-cn--- |
| 086 | 1 |aCS94-107/1987-PDF |
| 245 | 00|aNouveau-Brunswick. |nPart 1, |pProfiles |h[ressource électronique] = |bNouveau-Brunswick. Partie 1, Profils. |
| 246 | 11|aNouveau-Brunswick. |nPartie 1, |pProfils. |
| 246 | 1 |iEn tête du titre: |aPopulation and Dwelling Characteristics - Census Divisions and Subdivisions = |bCaractéristiques de la population et des lodgements - Divisions et subdivisions de recensement |
| 260 | |aOttawa : |bStatistique Canada,|c1987. |
| 500 | |aPublication du recensement historique numérisé par Statistique Canada. |
| 546 | |aEn français et en Anglais. |
| 590 | |a13-07-Supp|b2013-03-25 |
| 691 | 07|aRecensement|2gcpds |
| 710 | 2 |aStatistique Canada. |
| 791 | |tNew Brunswick. |eeng|w(CaOODSP)9.676361 |
| 856 | 40|uhttps://publications.gc.ca/collections/collection_2013/statcan/rh-hc/CS94-107-1987.pdf|qPDF|s13.5 Mo |